Complete guide to cmat: (Record no. 193398)

MARC details
000 -LEADER
fixed length control field 00643nam a22001937a 4500
005 - DATE AND TIME OF LATEST TRANSACTION
control field 20230317170401.0
010 ## - LCCN (DPL NO)
LC control number ENG-135556
020 ## - INTERNATIONAL STANDARD BOOK NUMBER
Terms of availability 195.00
International Standard Book Number 9789331322104
035 ## - SYSTEM CONTROL NUMBER
System control number EN-119088
037 ## - SOURCE OF ACQUISITION
Source of stock number/acquisition DBAD/PUB
082 ## - DEWEY DECIMAL CLASSIFICATION NUMBER
Classification number 658
100 ## - MAIN ENTRY--PERSONAL NAME
Personal name Mehta, gaurav N.
245 ## - TITLE STATEMENT
Title Complete guide to cmat:
Remainder of title Common management admission test/
Statement of responsibility, etc By Gaurav mehta and Chintan vora
260 ## - PUBLICATION, DISTRIBUTION, ETC. (IMPRINT)
Place of publication, distribution, etc New delhi
Name of publisher, distributor, etc aph publishing corporation
Date of publication, distribution, etc 110002
270 ## - ADDRESS
Address 4435-36/7, Ansari road, daryaganj
City New delhi
Postal code 110002
Electronic mail address aphbooks@vsnl.net
300 ## - PHYSICAL DESCRIPTION
Extent 204p.
Dimensions 22Cm(pbk)
700 ## - ADDED ENTRY--PERSONAL NAME
Personal name Vora, chintan n.
Relator term author
942 ## - ADDED ENTRY ELEMENTS (KOHA)
Source of classification or shelving scheme Dewey Decimal Classification
Item type English Books
Call number suffix MEH
Classification part 658
Holdings
Withdrawn status Lost status Not for loan Collection code Home library Current library Date acquired Source of acquisition Cost, normal purchase price Full call number Barcode Copy number Cost, replacement price Koha item type
      Non-fiction Katevara Katevara 27/10/2022 DBAD/PUB 195.00 658 MEH EN-119088 1 195.00 English Books

© Delhi Public Library
Hit Counter
free hit counter